Normal view
MARC view
- Cornell, Daryl Ace V.
Entry Personal Name
001 - CONTROL NUMBER
- control field: 47154
003 - CONTROL NUMBER IDENTIFIER
- control field: OSt
005 - DATE AND TIME OF LATEST TRANSACTION
- control field: 20221215195541.0
008 - FIXED-LENGTH DATA ELEMENTS
- fixed length control field: 221215|| aca||aabn | a|a d
040 ## - CATALOGING SOURCE
- Original cataloging agency: OSt
- Transcribing agency: OSt
100 ## - HEADING--PERSONAL NAME
- Personal name: Cornell, Daryl Ace V.
670 ## - SOURCE DATA FOUND
- Source citation: Work cat.: (OSt): Cornell, Daryl Ace V., Food & beverage service procedures :, ©2021.
